[Event "Marianske Lazne 2023"]
[Site "?"]
[Date "2023.01.19"]
[Round "7.6"]
[White "Leisch, Lukas"]
[Black "Lalic, Bogdan"]
[Result "1/2-1/2"]
[BlackElo "2392"]
[WhiteElo "2378"]
[LiveChessVersion "1.4.8"]

1. c4 {[%clk 1:30:57]} e5 {[%clk 1:22:06]} 2. Nc3 {[%clk 1:30:54]} Nf6
{[%clk 1:22:13]} 3. Nf3 {[%clk 1:30:58]} Nc6 {[%clk 1:22:32]} 4. d3
{[%clk 1:30:29]} Bb4 {[%clk 1:22:41]} 5. Bd2 {[%clk 1:28:52]} O-O
{[%clk 1:23:00]} 6. a3 {[%clk 1:28:08]} Bxc3 {[%clk 1:23:14]} 7. Bxc3
{[%clk 1:28:25]} e4 {[%clk 1:21:52]} 8. dxe4 {[%clk 1:23:07]} Nxe4
{[%clk 1:22:13]} 9. Qc2 {[%clk 1:23:23]} Re8 {[%clk 1:22:26]} 10. e3
{[%clk 1:23:27]} d6 {[%clk 1:22:46]} 1/2-1/2

[Event "Marianske Lazne 2023"]
[Site "?"]
[Date "2023.01.19"]
[Round "7.7"]
[White "Niedbala, Bartlomiej"]
[Black "Pajeken, Jakob Leon"]
[Result "1/2-1/2"]
[BlackElo "2449"]
[WhiteElo "2390"]
[LiveChessVersion "1.4.8"]

1. e4 {[%clk 1:30:16]} e5 {[%clk 1:30:23]} 2. Nc3 {[%clk 1:30:24]} Nf6
{[%clk 1:28:16]} 3. Bc4 {[%clk 1:27:52]} Bb4 {[%clk 1:25:36]} 4. d3
{[%clk 1:22:36]} c6 {[%clk 1:23:16]} 5. Nge2 {[%clk 1:11:39]} d5 {[%clk 1:18:09]}
6. exd5 {[%clk 1:12:03]} cxd5 {[%clk 1:18:26]} 7. Bb5+ {[%clk 1:12:27]} Nc6
{[%clk 1:17:48]} 8. O-O {[%clk 1:12:00]} a6 {[%clk 1:14:57]} 9. Ba4
{[%clk 1:12:03]} h6 {[%clk 1:06:20]} 10. Ng3 {[%clk 1:06:02]} O-O
{[%clk 1:01:12]} 11. Nce2 {[%clk 0:59:08]} b5 {[%clk 0:56:54]} 12. Bb3
{[%clk 0:58:15]} Na5 {[%clk 0:56:16]} 13. c3 {[%clk 0:49:20]} Nxb3
{[%clk 0:56:01]} 14. axb3 {[%clk 0:49:35]} Bd6 {[%clk 0:53:03]} 15. d4
{[%clk 0:43:15]} e4 {[%clk 0:52:09]} 16. Bf4 {[%clk 0:43:39]} Bg4
{[%clk 0:50:41]} 17. f3 {[%clk 0:37:31]} exf3 {[%clk 0:50:03]} 18. gxf3
{[%clk 0:37:57]} Bh3 {[%clk 0:49:04]} 19. Re1 {[%clk 0:38:16]} Nh7
{[%clk 0:47:19]} 20. Kh1 {[%clk 0:35:02]} Ng5 {[%clk 0:44:05]} 21. Qd3
{[%clk 0:30:12]} Re8 {[%clk 0:40:30]} 22. Be5 {[%clk 0:26:29]} Bxe5
{[%clk 0:26:56]} 23. dxe5 {[%clk 0:26:56]} Rxe5 {[%clk 0:26:40]} 24. f4
{[%clk 0:18:29]} d4 {[%clk 0:18:35]} 25. fxe5 {[%clk 0:15:22]} Qd5+
{[%clk 0:18:55]} 26. Ne4 {[%clk 0:15:50]} Nxe4 {[%clk 0:18:59]} 27. Kg1
{[%clk 0:16:18]} Ng5 {[%clk 0:18:35]} 28. Nf4 {[%clk 0:07:28]} Nf3+
{[%clk 0:13:14]} 29. Kf2 {[%clk 0:07:56]} Nxe1 {[%clk 0:13:36]} 30. Rxe1
{[%clk 0:08:24]} Qxb3 {[%clk 0:14:01]} 31. Qxh3 {[%clk 0:07:55]} Qxb2+
{[%clk 0:13:29]} 32. Re2 {[%clk 0:08:23]} Qc1 {[%clk 0:08:30]} 33. Qf3
{[%clk 0:06:14]} Rd8 {[%clk 0:08:53]} 34. e6 {[%clk 0:05:29]} fxe6
{[%clk 0:08:35]} 35. Nxe6 {[%clk 0:05:45]} d3 {[%clk 0:08:24]} 36. Nxd8
{[%clk 0:04:09]} dxe2 {[%clk 0:08:44]} 37. Qf7+ {[%clk 0:02:22]} Kh8
{[%clk 0:09:05]} 38. Qe8+ {[%clk 0:01:30]} Kh7 {[%clk 0:09:30]} 39. Qe4+
{[%clk 0:01:56]} Kh8 {[%clk 0:09:33]} 40. Qe8+ {[%clk 0:00:47]} Kh7
{[%clk 0:09:56]} 41. Qe4+ {[%clk 0:29:07]} Kh8 {[%clk 0:39:57]} 42. Qe8+
{[%clk 0:23:19]} 1/2-1/2

[Event "Marianske Lazne 2023"]
[Site "?"]
[Date "2023.01.19"]
[Round "7.8"]
[White "Haba, Petr"]
[Black "Finek, Vaclav"]
[Result "1/2-1/2"]
[BlackElo "2406"]
[WhiteElo "2450"]
[LiveChessVersion "1.4.8"]

1. e4 {[%clk 1:30:45]} c5 {[%clk 1:30:56]} 2. Nf3 {[%clk 1:31:04]} g6
{[%clk 1:31:21]} 3. d4 {[%clk 1:31:15]} cxd4 {[%clk 1:31:47]} 4. Nxd4
{[%clk 1:31:40]} Bg7 {[%clk 1:32:11]} 5. c4 {[%clk 1:31:42]} Nc6 {[%clk 1:32:37]}
6. Be3 {[%clk 1:31:53]} Nf6 {[%clk 1:33:01]} 7. Nc3 {[%clk 1:32:14]} O-O
{[%clk 1:33:25]} 8. Be2 {[%clk 1:32:18]} d6 {[%clk 1:33:48]} 9. O-O
{[%clk 1:32:11]} Bd7 {[%clk 1:34:06]} 10. h3 {[%clk 1:32:15]} Nxd4
{[%clk 1:33:58]} 11. Bxd4 {[%clk 1:32:39]} Bc6 {[%clk 1:34:23]} 12. Qc2
{[%clk 1:32:38]} a5 {[%clk 1:34:34]} 13. b3 {[%clk 1:32:53]} Nd7 {[%clk 1:25:24]}
14. Bxg7 {[%clk 1:33:01]} Kxg7 {[%clk 1:25:48]} 15. Rfd1 {[%clk 1:33:17]} Qb6
{[%clk 1:20:49]} 16. Nd5 {[%clk 1:32:29]} Bxd5 {[%clk 1:19:56]} 17. exd5
{[%clk 1:32:55]} f5 {[%clk 1:07:19]} 18. a3 {[%clk 1:19:56]} f4 {[%clk 0:53:15]}
19. Qc3+ {[%clk 1:13:03]} Rf6 {[%clk 0:45:49]} 20. b4 {[%clk 1:12:32]} Qc7
{[%clk 0:44:19]} 21. Rac1 {[%clk 1:00:20]} b6 {[%clk 0:41:05]} 22. Bg4
{[%clk 0:59:00]} Ne5 {[%clk 0:38:32]} 23. Be6 {[%clk 0:58:22]} f3
{[%clk 0:35:06]} 24. g3 {[%clk 0:58:42]} axb4 {[%clk 0:27:59]} 25. axb4
{[%clk 0:59:06]} Ra2 {[%clk 0:26:57]} 26. Rd2 {[%clk 0:40:50]} Ra4
{[%clk 0:19:44]} 27. Rdd1 {[%clk 0:27:04]} Ra2 {[%clk 0:15:56]} 28. Rd2
{[%clk 0:26:05]} Ra4 {[%clk 0:16:07]} 29. Rdd1 {[%clk 0:26:22]} Ra2
{[%clk 0:16:22]} 1/2-1/2

[Event "Marianske Lazne 2023"]
[Site "?"]
[Date "2023.01.19"]
[Round "7.9"]
[White "Ricken, Katharina"]
[Black "Sorm, Daniel"]
[Result "0-1"]
[BlackElo "2302"]
[WhiteElo "2177"]
[LiveChessVersion "1.4.8"]

1. Nf3 {[%clk 1:30:58]} d5 {[%clk 1:30:50]} 2. g3 {[%clk 1:31:17]} c5
{[%clk 1:31:10]} 3. Bg2 {[%clk 1:31:43]} Nf6 {[%clk 1:31:32]} 4. O-O
{[%clk 1:32:10]} e6 {[%clk 1:31:55]} 5. c4 {[%clk 1:32:35]} d4 {[%clk 1:32:12]}
6. e3 {[%clk 1:33:00]} Nc6 {[%clk 1:32:25]} 7. exd4 {[%clk 1:33:25]} cxd4
{[%clk 1:32:48]} 8. d3 {[%clk 1:33:39]} h6 {[%clk 1:32:33]} 9. Re1
{[%clk 1:33:28]} Bd6 {[%clk 1:31:33]} 10. a3 {[%clk 1:31:27]} a5 {[%clk 1:31:41]}
11. Nbd2 {[%clk 1:31:28]} O-O {[%clk 1:31:31]} 12. Qc2 {[%clk 1:30:59]} e5
{[%clk 1:17:32]} 13. c5 {[%clk 1:08:13]} Bc7 {[%clk 1:17:28]} 14. Nc4
{[%clk 1:06:55]} Re8 {[%clk 1:15:45]} 15. Rb1 {[%clk 0:56:43]} a4
{[%clk 1:03:56]} 16. b4 {[%clk 0:55:46]} axb3 {[%clk 1:04:20]} 17. Rxb3
{[%clk 0:55:37]} Ra7 {[%clk 1:01:47]} 18. Nfd2 {[%clk 0:49:59]} Na5
{[%clk 0:54:50]} 19. Nxa5 {[%clk 0:42:46]} Bxa5 {[%clk 0:55:01]} 20. Rf1
{[%clk 0:38:14]} Qe7 {[%clk 0:48:33]} 21. Rb5 {[%clk 0:26:41]} Bc7
{[%clk 0:28:52]} 22. Nc4 {[%clk 0:20:45]} e4 {[%clk 0:28:57]} 23. dxe4
{[%clk 0:19:03]} Bd7 {[%clk 0:27:47]} 24. Rb4 {[%clk 0:15:29]} Qxc5
{[%clk 0:27:34]} 25. Ne3 {[%clk 0:15:20]} Qxc2 {[%clk 0:19:14]} 26. Nxc2
{[%clk 0:15:49]} d3 {[%clk 0:19:39]} 27. Ne3 {[%clk 0:14:44]} Ba5
{[%clk 0:16:13]} 28. Rd4 {[%clk 0:11:21]} Bb5 {[%clk 0:13:44]} 29. Bb2
{[%clk 0:10:45]} d2 {[%clk 0:11:35]} 30. Nc4 {[%clk 0:10:26]} Rc8
{[%clk 0:07:57]} 31. Nd6 {[%clk 0:10:45]} Bxf1 {[%clk 0:08:13]} 32. Nxc8
{[%clk 0:11:05]} Bxg2 {[%clk 0:08:35]} 33. Kxg2 {[%clk 0:10:52]} Ra6
{[%clk 0:08:42]} 34. Kf3 {[%clk 0:10:15]} Nxe4 {[%clk 0:05:54]} 35. Ne7+
{[%clk 0:07:52]} Kh7 {[%clk 0:03:35]} 36. Nd5 {[%clk 0:07:37]} Ng5+
{[%clk 0:02:17]} 37. Ke2 {[%clk 0:07:30]} Re6+ {[%clk 0:00:59]} 38. Ne3
{[%clk 0:07:59]} Ne4 {[%clk 0:00:44]} 39. Ra4 {[%clk 0:03:56]} Bb6
{[%clk 0:00:51]} 40. Rb4 {[%clk 0:03:47]} Nxf2 {[%clk 0:00:48]} 41. Rxb6
{[%clk 0:02:45]} d1=Q+ {[%clk 0:00:55]} 0-1

[Event "Marianske Lazne 2023"]
[Site "?"]
[Date "2023.01.19"]
[Round "7.10"]
[White "Can, Isik"]
[Black "Krejci, Jan"]
[Result "1-0"]
[BlackElo "2522"]
[WhiteElo "2488"]
[LiveChessVersion "1.4.8"]

1. e4 {[%clk 1:30:22]} e5 {[%clk 1:30:56]} 2. Nf3 {[%clk 1:30:48]} Nc6
{[%clk 1:31:22]} 3. Bb5 {[%clk 1:31:13]} a6 {[%clk 1:31:44]} 4. Bxc6
{[%clk 1:31:38]} dxc6 {[%clk 1:32:10]} 5. O-O {[%clk 1:31:54]} Qf6
{[%clk 1:31:22]} 6. d4 {[%clk 1:32:19]} exd4 {[%clk 1:31:48]} 7. Bg5
{[%clk 1:32:46]} Qd6 {[%clk 1:32:11]} 8. Nxd4 {[%clk 1:33:12]} Be7
{[%clk 1:32:32]} 9. Be3 {[%clk 1:33:38]} Nh6 {[%clk 1:27:47]} 10. Qd2
{[%clk 1:30:08]} Qg6 {[%clk 1:16:54]} 11. f3 {[%clk 1:30:15]} Bd7
{[%clk 1:16:04]} 12. Na3 {[%clk 1:24:33]} Rd8 {[%clk 0:54:49]} 13. Qa5
{[%clk 1:22:57]} c5 {[%clk 0:52:45]} 14. Ne2 {[%clk 1:17:35]} Qc6
{[%clk 0:49:13]} 15. Nf4 {[%clk 1:09:31]} Bg5 {[%clk 0:44:31]} 16. Rad1
{[%clk 0:43:17]} O-O {[%clk 0:40:24]} 17. Rd5 {[%clk 0:38:07]} b6
{[%clk 0:39:03]} 18. Qxa6 {[%clk 0:36:15]} f5 {[%clk 0:36:10]} 19. Qd3
{[%clk 0:22:47]} fxe4 {[%clk 0:30:57]} 20. fxe4 {[%clk 0:21:33]} Be6
{[%clk 0:30:29]} 21. Nxe6 {[%clk 0:15:44]} Bxe3+ {[%clk 0:30:52]} 22. Qxe3
{[%clk 0:15:54]} Qxe6 {[%clk 0:31:14]} 23. Rxd8 {[%clk 0:12:08]} Rxd8
{[%clk 0:31:43]} 24. Qf4 {[%clk 0:12:26]} Re8 {[%clk 0:30:02]} 25. Qxc7
{[%clk 0:11:46]} Qxe4 {[%clk 0:30:22]} 26. Qxb6 {[%clk 0:09:02]} Qd4+
{[%clk 0:23:18]} 27. Kh1 {[%clk 0:09:27]} Kh8 {[%clk 0:23:46]} 28. Qb5
{[%clk 0:07:56]} Rd8 {[%clk 0:22:43]} 29. Qd3 {[%clk 0:04:44]} Qh4
{[%clk 0:21:51]} 30. Qf3 {[%clk 0:04:04]} Qb4 {[%clk 0:21:46]} 31. Qb3
{[%clk 0:03:20]} Qf4 {[%clk 0:19:41]} 32. Qc4 {[%clk 0:02:52]} Qe5
{[%clk 0:19:52]} 33. Qh4 {[%clk 0:02:29]} Rd4 {[%clk 0:19:35]} 34. Qf2
{[%clk 0:02:06]} Nf5 {[%clk 0:16:25]} 35. Nb5 {[%clk 0:01:00]} Rd8
{[%clk 0:15:35]} 36. Nc3 {[%clk 0:01:10]} Rf8 {[%clk 0:15:36]} 37. Kg1
{[%clk 0:01:20]} Rf6 {[%clk 0:16:02]} 38. Re1 {[%clk 0:01:03]} Qb8
{[%clk 0:16:31]} 39. Nd5 {[%clk 0:00:59]} Rf8 {[%clk 0:17:00]} 40. Rf1
{[%clk 0:00:55]} 1-0

[Event "Marianske Lazne 2023"]
[Site "?"]
[Date "2023.01.19"]
[Round "7.12"]
[White "Pisk, Petr"]
[Black "Pourquet, Matthieu"]
[Result "1/2-1/2"]
[BlackElo "2212"]
[WhiteElo "2305"]
[LiveChessVersion "1.4.8"]

1. d4 {[%clk 1:30:57]} Nf6 {[%clk 1:29:56]} 2. Bg5 {[%clk 1:29:59]} d5
{[%clk 1:29:49]} 3. Bxf6 {[%clk 1:29:39]} gxf6 {[%clk 1:30:10]} 4. e3
{[%clk 1:28:48]} e5 {[%clk 1:30:34]} 5. c4 {[%clk 1:27:57]} exd4 {[%clk 1:29:34]}
6. Qxd4 {[%clk 1:21:58]} Nc6 {[%clk 1:29:49]} 7. Qxd5 {[%clk 1:22:08]} Qxd5
{[%clk 1:30:03]} 8. cxd5 {[%clk 1:22:36]} Nb4 {[%clk 1:30:24]} 9. Na3
{[%clk 1:09:09]} a6 {[%clk 1:30:50]} 10. Nf3 {[%clk 1:07:08]} b5 {[%clk 1:30:51]}
11. Be2 {[%clk 0:56:27]} Bb7 {[%clk 1:29:48]} 12. O-O {[%clk 0:49:48]} O-O-O
{[%clk 1:23:54]} 13. Nd4 {[%clk 0:43:57]} Bxd5 {[%clk 1:18:57]} 14. Bf3
{[%clk 0:36:14]} c5 {[%clk 1:12:04]} 15. Bxd5 {[%clk 0:28:47]} Rxd5
{[%clk 1:12:12]} 16. Nf3 {[%clk 0:29:15]} Be7 {[%clk 1:10:03]} 17. Nb1
{[%clk 0:28:21]} Nd3 {[%clk 1:03:42]} 18. Nc3 {[%clk 0:27:23]} Rd7
{[%clk 1:04:06]} 19. b3 {[%clk 0:23:32]} f5 {[%clk 1:01:53]} 20. Rab1
{[%clk 0:22:37]} Bf6 {[%clk 0:56:42]} 21. Ne2 {[%clk 0:22:31]} Kb7
{[%clk 0:57:02]} 22. Ng3 {[%clk 0:19:18]} Rd5 {[%clk 0:56:28]} 23. Rfd1
{[%clk 0:11:35]} Rhd8 {[%clk 0:55:46]} 24. e4 {[%clk 0:11:11]} fxe4
{[%clk 0:56:03]} 25. Nxe4 {[%clk 0:11:38]} Be7 {[%clk 0:56:27]} 26. h4
{[%clk 0:09:33]} h6 {[%clk 0:45:41]} 27. Nc3 {[%clk 0:08:39]} R5d6
{[%clk 0:43:32]} 28. Kf1 {[%clk 0:07:36]} f5 {[%clk 0:43:03]} 29. Ne2
{[%clk 0:06:18]} Bf6 {[%clk 0:31:29]} 30. Ng3 {[%clk 0:06:11]} Rd5
{[%clk 0:31:24]} 31. a3 {[%clk 0:03:43]} Kc6 {[%clk 0:29:23]} 32. Rd2
{[%clk 0:01:59]} c4 {[%clk 0:18:53]} 33. Rc2 {[%clk 0:01:21]} Rc5
{[%clk 0:18:18]} 34. bxc4 {[%clk 0:01:05]} bxc4 {[%clk 0:18:19]} 35. Ne1
{[%clk 0:00:38]} Rd4 {[%clk 0:15:09]} 36. h5 {[%clk 0:00:46]} Nf4
{[%clk 0:13:00]} 37. Ne2 {[%clk 0:00:53]} Nxe2 {[%clk 0:13:16]} 38. Rxe2
{[%clk 0:00:48]} Re4 {[%clk 0:13:22]} 39. Nc2 {[%clk 0:00:43]} Rxe2
{[%clk 0:12:30]} 40. Kxe2 {[%clk 0:00:48]} a5 {[%clk 0:08:34]} 41. Rb8
{[%clk 0:24:16]} Re5+ {[%clk 0:32:11]} 42. Kf3 {[%clk 0:23:50]} Rd5
{[%clk 0:31:42]} 43. Ne3 {[%clk 0:16:05]} Rd3 {[%clk 0:31:22]} 44. Ke2
{[%clk 0:14:53]} Rxa3 {[%clk 0:30:39]} 45. Nxc4 {[%clk 0:14:18]} Ra2+
{[%clk 0:30:57]} 46. Kd3 {[%clk 0:14:01]} Bg5 {[%clk 0:28:08]} 47. g3
{[%clk 0:09:14]} Rxf2 {[%clk 0:17:13]} 48. Nxa5+ {[%clk 0:09:30]} Kc7
{[%clk 0:14:24]} 49. Rb7+ {[%clk 0:09:25]} Kd8 {[%clk 0:13:57]} 50. Nc6+
{[%clk 0:09:08]} Kc8 {[%clk 0:13:04]} 51. Rf7 {[%clk 0:06:37]} Rf3+
{[%clk 0:13:14]} 52. Kc4 {[%clk 0:06:56]} Rxg3 {[%clk 0:13:25]} 53. Rxf5
{[%clk 0:07:20]} Kd7 {[%clk 0:13:03]} 54. Nd4 {[%clk 0:07:23]} Rh3
{[%clk 0:11:29]} 55. Kd5 {[%clk 0:07:16]} Rxh5 {[%clk 0:11:14]} 56. Nf3
{[%clk 0:07:01]} Rh1 {[%clk 0:11:32]} 57. Nxg5 {[%clk 0:07:17]} hxg5
{[%clk 0:11:59]} 58. Rxg5 1/2-1/2

[Event "Marianske Lazne 2023"]
[Site "?"]
[Date "2023.01.19"]
[Round "7.13"]
[White "Jasny, Stanislav"]
[Black "Terhuven, Patrick"]
[Result "1-0"]
[BlackElo "2174"]
[WhiteElo "2245"]
[LiveChessVersion "1.4.8"]

1. d4 {[%clk 1:30:23]} d5 {[%clk 1:30:54]} 2. c4 {[%clk 1:30:41]} e6
{[%clk 1:31:19]} 3. Nc3 {[%clk 1:30:55]} Nf6 {[%clk 1:31:40]} 4. cxd5
{[%clk 1:30:44]} exd5 {[%clk 1:32:02]} 5. Bg5 {[%clk 1:31:01]} Nbd7
{[%clk 1:32:21]} 6. e3 {[%clk 1:31:13]} c6 {[%clk 1:32:30]} 7. Bd3
{[%clk 1:31:33]} Be7 {[%clk 1:32:53]} 8. Nge2 {[%clk 1:31:12]} Nh5
{[%clk 1:32:29]} 9. Bxe7 {[%clk 1:30:19]} Qxe7 {[%clk 1:32:52]} 10. g4
{[%clk 1:30:31]} Nhf6 {[%clk 1:32:41]} 11. Ng3 {[%clk 1:30:46]} g6
{[%clk 1:32:20]} 12. g5 {[%clk 1:30:31]} Ng8 {[%clk 1:32:25]} 13. h4
{[%clk 1:30:01]} h6 {[%clk 1:29:36]} 14. h5 {[%clk 1:16:34]} Qxg5
{[%clk 1:25:52]} 15. hxg6 {[%clk 1:16:16]} fxg6 {[%clk 1:25:57]} 16. Qc2
{[%clk 1:16:20]} Nf8 {[%clk 1:22:35]} 17. O-O-O {[%clk 1:16:27]} Be6
{[%clk 1:21:50]} 18. Nge2 {[%clk 1:09:08]} Ne7 {[%clk 1:18:46]} 19. Rdg1
{[%clk 1:04:56]} Qf6 {[%clk 1:18:51]} 20. Nf4 {[%clk 1:02:56]} Bf7
{[%clk 1:18:01]} 21. Qa4 {[%clk 1:00:25]} g5 {[%clk 1:13:26]} 22. Nh3
{[%clk 0:58:23]} Be6 {[%clk 1:06:38]} 23. Be2 {[%clk 0:52:37]} Bxh3
{[%clk 0:57:23]} 24. Rxh3 {[%clk 0:53:00]} Qxf2 {[%clk 0:57:12]} 25. Rf1
{[%clk 0:52:13]} Qg2 {[%clk 0:56:28]} 26. Bh5+ {[%clk 0:51:52]} Nfg6
{[%clk 0:53:08]} 27. Rhf3 {[%clk 0:50:34]} O-O-O {[%clk 0:40:55]} 28. Qxa7
{[%clk 0:38:46]} Qh2 {[%clk 0:32:06]} 29. Bxg6 {[%clk 0:13:11]} Nxg6
{[%clk 0:32:21]} 30. Rf7 {[%clk 0:13:34]} Qb8 {[%clk 0:31:27]} 31. Qc5
{[%clk 0:10:11]} Qd6 {[%clk 0:20:11]} 32. Qb6 {[%clk 0:09:33]} Ne7
{[%clk 0:19:31]} 33. R1f6 {[%clk 0:08:51]} Qd7 {[%clk 0:19:02]} 34. Qc5
{[%clk 0:06:39]} Rhe8 {[%clk 0:13:51]} 35. Rxh6 {[%clk 0:01:49]} Rf8
{[%clk 0:13:10]} 36. Rxe7 {[%clk 0:01:36]} Rf1+ {[%clk 0:13:20]} 37. Kc2
{[%clk 0:01:31]} 1-0

[Event "Marianske Lazne 2023"]
[Site "?"]
[Date "2023.01.19"]
[Round "7.14"]
[White "Paszewski, Mateusz"]
[Black "Krivenko, Dion"]
[Result "1/2-1/2"]
[BlackElo "2141"]
[WhiteElo "2303"]
[LiveChessVersion "1.4.8"]

1. e4 {[%clk 1:30:43]} c5 {[%clk 1:30:56]} 2. Nf3 {[%clk 1:31:08]} e6
{[%clk 1:31:21]} 3. d4 {[%clk 1:31:20]} cxd4 {[%clk 1:31:42]} 4. Nxd4
{[%clk 1:31:47]} Nf6 {[%clk 1:31:58]} 5. Nc3 {[%clk 1:32:13]} Nc6
{[%clk 1:31:54]} 6. a3 {[%clk 1:32:35]} d5 {[%clk 1:26:25]} 7. exd5
{[%clk 1:32:57]} exd5 {[%clk 1:24:32]} 8. Be3 {[%clk 1:32:14]} Be7
{[%clk 1:18:25]} 9. f3 {[%clk 1:23:12]} O-O {[%clk 1:14:19]} 10. Qd2
{[%clk 1:22:23]} Be6 {[%clk 1:06:51]} 11. Be2 {[%clk 1:12:37]} Nd7
{[%clk 1:01:14]} 12. O-O {[%clk 1:10:09]} Nxd4 {[%clk 0:50:36]} 13. Bxd4
{[%clk 1:08:45]} Nb6 {[%clk 0:48:52]} 14. Rad1 {[%clk 0:59:01]} Rc8
{[%clk 0:46:45]} 15. Rfe1 {[%clk 0:51:08]} Bf5 {[%clk 0:34:59]} 16. Bd3
{[%clk 0:40:36]} Bxd3 {[%clk 0:27:16]} 17. cxd3 {[%clk 0:39:17]} Bf6
{[%clk 0:26:14]} 18. Qf2 {[%clk 0:39:10]} Rc6 {[%clk 0:24:26]} 19. Rd2
{[%clk 0:33:46]} Re8 {[%clk 0:19:05]} 20. Rxe8+ {[%clk 0:29:03]} Qxe8
{[%clk 0:19:21]} 21. Re2 {[%clk 0:29:31]} Qd7 {[%clk 0:18:04]} 22. a4
{[%clk 0:18:03]} Nxa4 {[%clk 0:10:07]} 23. Bxf6 {[%clk 0:18:14]} gxf6
{[%clk 0:09:48]} 24. Qg3+ {[%clk 0:15:07]} Kf8 {[%clk 0:09:40]} 25. Nxa4
{[%clk 0:07:16]} Rc1+ {[%clk 0:10:01]} 26. Kf2 {[%clk 0:07:45]} Qxa4
{[%clk 0:10:21]} 27. Qd6+ {[%clk 0:07:54]} Kg7 {[%clk 0:09:38]} 28. b4
{[%clk 0:06:45]} Rc2 {[%clk 0:07:18]} 29. Qg3+ {[%clk 0:07:05]} Kf8
{[%clk 0:05:49]} 30. Qb8+ {[%clk 0:07:20]} Kg7 {[%clk 0:06:12]} 31. Qg3+
{[%clk 0:07:39]} Kf8 {[%clk 0:06:37]} 32. Qd6+ {[%clk 0:08:04]} Kg7
{[%clk 0:07:00]} 33. Qg3+ {[%clk 0:08:26]} Kf8 {[%clk 0:07:24]} 34. Qb8+
{[%clk 0:08:49]} Kg7 {[%clk 0:07:46]} 35. Qg3+ {[%clk 0:09:14]} 1/2-1/2

[Event "Marianske Lazne 2023"]
[Site "?"]
[Date "2023.01.19"]
[Round "7.15"]
[White "Goroshkov, Maksym"]
[Black "Stinka, Jakub"]
[Result "1/2-1/2"]
[BlackElo "2301"]
[WhiteElo "2261"]
[LiveChessVersion "1.4.8"]

1. e4 {[%clk 1:30:57]} c5 {[%clk 1:30:43]} 2. Nf3 {[%clk 1:31:17]} d6
{[%clk 1:30:49]} 3. d4 {[%clk 1:31:43]} cxd4 {[%clk 1:31:13]} 4. Nxd4
{[%clk 1:32:10]} Nf6 {[%clk 1:31:37]} 5. Nc3 {[%clk 1:32:36]} e6 {[%clk 1:31:47]}
6. Bg5 {[%clk 1:32:05]} Be7 {[%clk 1:30:43]} 7. Qd2 {[%clk 1:29:44]} a6
{[%clk 1:26:28]} 8. O-O-O {[%clk 1:28:58]} b5 {[%clk 1:22:56]} 9. Bxf6
{[%clk 1:25:54]} Bxf6 {[%clk 1:21:27]} 10. f4 {[%clk 1:24:36]} O-O
{[%clk 1:19:42]} 11. g4 {[%clk 1:18:04]} Bb7 {[%clk 1:07:57]} 12. Bg2
{[%clk 1:15:57]} Nd7 {[%clk 1:00:56]} 13. g5 {[%clk 1:11:44]} Be7
{[%clk 1:00:47]} 14. h4 {[%clk 1:11:53]} Nc5 {[%clk 0:50:12]} 15. Qe3
{[%clk 1:06:36]} b4 {[%clk 0:48:32]} 16. Nce2 {[%clk 1:06:44]} Re8
{[%clk 0:47:24]} 17. Kb1 {[%clk 1:05:11]} Bf8 {[%clk 0:40:22]} 18. Nb3
{[%clk 1:02:07]} Qc7 {[%clk 0:38:33]} 19. h5 {[%clk 1:00:04]} Rac8
{[%clk 0:34:14]} 20. g6 {[%clk 0:58:08]} f5 {[%clk 0:30:58]} 21. gxh7+
{[%clk 0:58:17]} Kh8 {[%clk 0:31:04]} 22. Nxc5 {[%clk 0:58:03]} Qxc5
{[%clk 0:31:12]} 23. Qxc5 {[%clk 0:57:08]} Rxc5 {[%clk 0:31:18]} 24. Ng3
{[%clk 0:57:18]} Rc4 {[%clk 0:26:35]} 25. Rhe1 {[%clk 0:56:45]} Be7
{[%clk 0:22:35]} 26. Bf1 {[%clk 0:56:19]} Rxe4 {[%clk 0:20:05]} 27. Nxe4
{[%clk 0:56:06]} fxe4 {[%clk 0:20:15]} 28. Bh3 {[%clk 0:55:11]} Bh4
{[%clk 0:19:50]} 29. Re2 {[%clk 0:53:03]} d5 {[%clk 0:19:15]} 30. Rg1
{[%clk 0:49:12]} Kxh7 {[%clk 0:15:26]} 31. f5 {[%clk 0:47:44]} e5
{[%clk 0:11:41]} 32. f6 {[%clk 0:48:12]} gxf6 {[%clk 0:10:54]} 33. Bf5+
{[%clk 0:47:39]} Kh8 {[%clk 0:11:06]} 34. h6 {[%clk 0:45:41]} Bg5
{[%clk 0:10:21]} 35. c4 {[%clk 0:45:47]} bxc3 {[%clk 0:09:00]} 36. bxc3
{[%clk 0:46:06]} Bc6 {[%clk 0:07:07]} 37. Rb2 {[%clk 0:45:56]} d4
{[%clk 0:06:06]} 38. Rb6 {[%clk 0:46:23]} Bd5 {[%clk 0:05:49]} 39. c4
{[%clk 0:45:51]} Bxc4 {[%clk 0:04:38]} 40. Bxe4 {[%clk 0:46:17]} d3
{[%clk 0:03:22]} 41. Rb7 {[%clk 0:46:25]} d2 {[%clk 0:28:20]} 42. Rh7+
{[%clk 1:16:43]} Kg8 {[%clk 0:28:44]} 43. Rg7+ {[%clk 1:17:10]} Kh8
{[%clk 0:23:13]} 44. Rh7+ {[%clk 1:17:35]} Kg8 {[%clk 0:23:35]} 1/2-1/2

[Event "Marianske Lazne 2023"]
[Site "?"]
[Date "2023.01.19"]
[Round "7.16"]
[White "Kristoferitsch, Daniel"]
[Black "Garsky, Vladyslav"]
[Result "1/2-1/2"]
[BlackElo "2169"]
[WhiteElo "2295"]
[LiveChessVersion "1.4.8"]

1. d4 {[%clk 1:30:58]} d5 {[%clk 1:28:14]} 2. c4 {[%clk 1:31:17]} dxc4
{[%clk 1:28:23]} 3. Nf3 {[%clk 1:31:38]} Nf6 {[%clk 1:27:30]} 4. e3
{[%clk 1:31:58]} e6 {[%clk 1:27:14]} 5. Bxc4 {[%clk 1:32:17]} a6 {[%clk 1:27:40]}
6. O-O {[%clk 1:29:26]} c5 {[%clk 1:26:19]} 7. Bb3 {[%clk 1:29:48]} Nbd7
{[%clk 1:22:05]} 8. Re1 {[%clk 1:24:41]} b5 {[%clk 1:07:17]} 9. e4
{[%clk 1:21:41]} Bb7 {[%clk 1:03:39]} 10. e5 {[%clk 1:21:16]} Nd5
{[%clk 1:03:47]} 11. Nc3 {[%clk 1:19:48]} Nxc3 {[%clk 0:58:04]} 12. bxc3
{[%clk 1:20:10]} Nb6 {[%clk 0:56:59]} 13. Ng5 {[%clk 1:08:45]} Be7
{[%clk 0:49:37]} 14. Qh5 {[%clk 0:58:02]} g6 {[%clk 0:47:26]} 15. Qh6
{[%clk 0:56:08]} Bf8 {[%clk 0:47:26]} 16. Qh3 {[%clk 0:55:44]} c4
{[%clk 0:37:09]} 17. Bc2 {[%clk 0:55:49]} Be7 {[%clk 0:34:01]} 18. Ne4
{[%clk 0:53:48]} Bxe4 {[%clk 0:31:39]} 19. Rxe4 {[%clk 0:52:50]} Nd5
{[%clk 0:31:50]} 20. Bh6 {[%clk 0:40:57]} Qa5 {[%clk 0:25:15]} 21. Bd2
{[%clk 0:39:45]} Qa3 {[%clk 0:25:00]} 22. Ree1 {[%clk 0:38:19]} O-O
{[%clk 0:21:06]} 23. Be4 {[%clk 0:34:47]} Rfd8 {[%clk 0:21:32]} 24. Rec1
{[%clk 0:28:16]} Rac8 {[%clk 0:20:22]} 25. Qg3 {[%clk 0:22:54]} a5
{[%clk 0:16:47]} 26. h4 {[%clk 0:22:51]} b4 {[%clk 0:12:28]} 27. h5
{[%clk 0:22:39]} bxc3 {[%clk 0:12:06]} 28. Bh6 {[%clk 0:15:40]} Bf8
{[%clk 0:11:01]} 29. Bg5 {[%clk 0:15:42]} Rd7 {[%clk 0:10:39]} 30. hxg6
{[%clk 0:14:21]} hxg6 {[%clk 0:11:02]} 31. Bf6 {[%clk 0:14:22]} Bg7
{[%clk 0:10:36]} 32. Qh4 {[%clk 0:09:02]} Qf8 {[%clk 0:07:16]} 33. Bxd5
{[%clk 0:06:22]} Rxd5 {[%clk 0:07:22]} 34. Bxg7 {[%clk 0:05:44]} Kxg7
{[%clk 0:06:53]} 35. Rxc3 {[%clk 0:02:55]} Qd8 {[%clk 0:07:17]} 36. Qxd8
{[%clk 0:02:58]} Rcxd8 {[%clk 0:06:08]} 37. Rxc4 {[%clk 0:03:20]} Rxd4
{[%clk 0:06:37]} 38. Rac1 {[%clk 0:02:39]} Rd2 {[%clk 0:04:50]} 39. R1c2
{[%clk 0:02:18]} Rxc2 {[%clk 0:03:49]} 40. Rxc2 {[%clk 0:02:40]} Rd4
{[%clk 0:04:12]} 41. f3 {[%clk 0:01:11]} Rd5 {[%clk 0:27:23]} 42. Re2
{[%clk 0:30:21]} Kh6 {[%clk 0:27:17]} 43. Kh2 {[%clk 0:20:30]} Kg5
{[%clk 0:27:06]} 44. Re4 {[%clk 0:20:47]} Rb5 {[%clk 0:25:04]} 45. a3
{[%clk 0:13:37]} Rb3 {[%clk 0:25:29]} 1/2-1/2